00435nam a2200145 a 4500008004100000020001500041050001500056100002000071245008800091260003700179300002100216350000900237650002900246650001400275101026s2000 ||||||||||||||||| || u a0761964029 aHM 786 Str aStrati, Antonio10aTheory and method in organization studies: paradigms and choicescby Antonio Strati aLondon:bSAGE Publicationsc2000 axiv, 233p.: ill. a0.00 aORGANIZATIONAL SOCIOLOGY 0aSOCIOLOGY